Quizzes
Events
Quiz Creation
Community
Videos
Private Events
Remove Ads
Sign In
Join for FREE
Feedback
Dark Mode
Quiz Categories
Sports
Geography
Music
Movies
Television
Just For Fun
Miscellaneous
History
Literature
Language
Science
Gaming
Entertainment
Religion
Holiday
For Kids
Quiz Lab
Recent
Popular Today
Quiz Kudos Today
Editor Picks
Curator Picks
Quizzes by...
Day
Popularity
Type
Ratings
Length
Year
Community
Subscriptions
Recent Discussions
Orange Saloon
Badges
Playlists
Quests
Create
Leaderboards
Showdown
Live 5
Trivia Bingo
Activity
Puzzle Library
Sporcle Events
Private Events
Virtual Trivia
Globe League
Become a Host
Pub Owners
SporcleCon
Opinionation
Our Games
Videos
Blog
Mobile Apps
Partnerships
Remove Ads and Go Orange
Feedback
Language
Vocabulary
Begins and Ends
Definition
Spanish
French
German
Italian
Chinese
Latin
Translation
Japanese
Language
Vocabulary
Begins and Ends
Definition
Spanish
French
German
Italian
Chinese
Latin
Translation
Japanese
Random Quiz
Search Sporcle
×
Quiz Lab
Quiz Lab
Language
Vocabulary
Type in answers that appear in a list
Type in answers that appear in a list
Classic
Best Score? Go Orange.
Spanish Regular Verbs De-O Stats
Can you name the Spanish: Regular Verbs De-O?
By
pdonsftw
3m
26 Questions
52 Plays
52 Plays
52 Plays
Comments
Comments
Give Quiz Kudos
Give Quiz Kudos
-
- Ratings
hide this ad
Forced Order
Answers have to be entered in order
Answers have to be entered in order
Replay
Link that replays current quiz
Next Quiz
Link to next quiz in quiz playlist
You Got
0%
They Got
Avg Score
73%
Avg Friend Score
Upgrade to see
Score Distribution
Jump to the score distribution portion of the page
Score
0/26
Timer
03:00
0
Plays Today
What it Means
Regular Verb
% Correct
to read
leer
100%
to speak, to talk
hablar
98.1%
to study
estudiar
98.1%
to write
escribir
96.2%
to need
necesitar
92.3%
to listen
escuchar
86.5%
to exist
existir
86.5%
to wash
lavar
84.6%
to watch, to look at
mirar
82.7%
to teach
ensenar
80.8%
to enter (into)
entrar
80.8%
to desire
desear
76.9%
to wear, to carry
llevar
76.9%
What it Means
Regular Verb
% Correct
to send
enviar
73.1%
to win
ganar
73.1%
to discuss
discutir
71.2%
to arrive
llegar
71.2%
to forget
olvidar
71.2%
to draw
dibujar
69.4%
to discover
descubrir
65.4%
to sign
firmar
65.4%
to spend money
gastar
63.5%
to hope for, to wait for
esperar
59.6%
to order
mandar
46.2%
to hide
esconder
38.5%
to put into
meter
30.8%
Quiz Playlist
Details
Report
Send in Message
Add To Playlist
Classic:
Type in answers that appear in a list
Forced Order:
Answers have to be entered in order
Quiz Source
Last Updated: Feb 16, 2017
Quiz Scoreboard
CHALLENGE
Sign Up to Join the Scoreboard
Show All
Scores
Hide
Comments
May contain spoilers
Recently Published
Presidents Visiting Landmarks
by Hejman
History
7m
An Introduction to Baseball
by treessimontrees
Sports
5m
Movies - When Are They Set?
by FPL_Elf
Movies
5m
More to Explore
Quiz From the Vault
Featured Blog Post
Where Did the Easter Bunny Come From?
hide this ad
You Might Also Like...
Tags
Spanish Quiz
Vocabulary Quiz
Education
Español
Espanol Vocalulario
Language Basics
regular
Verbs
Today's Top Quizzes in Language
Browse Language
hide this ad
Today's Top Quizzes in Vocabulary
Browse Vocabulary
Top Contributed Quizzes in Language
1
1-10 Letter F Words III
2
1-10 Letter G Words III
3
Order Up: Top 10 Most Native Spoken Languages
4
1-10 Letter H Words III
5
One Thing in Common: Italy
6
1-10 Letter I Words III
7
Weisst du, aus welchen Sprachen diese Wörter stammen?
8
1-10 Letter J Words III
9
Celtic Nations in their Language
10
1-10 Letter K Words III
Explore More
Trending Topics
Disney
Anime
NBA
Harry Potter
Crossword
Kpop
Marvel
NFL
Puzzle
Soccer
The Office
WWE
Country
Song
Pokémon
hide this ad
More By:
pdonsftw
Quiz
Plays
Rating
Category
Featured
Created
GRE Vocabulary Set 1
477
Miscellaneous
Sep 23, 2013
Spanish Body Parts - The Face
365
Language
Feb 17, 2012
Spanish Regular Verbs A-De
270
3.00
Language
Feb 17, 2012
Spanish Regular Verbs O-V
59
5.00
Language
Feb 17, 2012
Spanish Vocabulary - Breakfast
58
Language
Feb 19, 2012
Go to Creator's Profile
Score Distribution
Quiz Creator Spotlight
pdonsftw
Follow
Send a Message
Quizzes Created
-
Created Quiz Play Count
-
More By This Creator
Popular Quizzes Today
1
Find the US States - No Outlines Minefield
2
Find the Countries of Europe - No Outlines Minefield
3
The Countries of the World
4
Find the US States
5
Popular People in 1961
6
US States
7
Risky Map Clicking: Biggest States A-Z
8
Movies - When Are They Set?
More Language Quizzes
Rhymes with 'Cake'
Published
Trending Quizzes
Risky Map Clicking: Least Populous States A-Z
1-10 Letter G Words
1-10 Letter F Words
Risky Map Clicking: Next State Alphabetically
Risky Map Clicking: Biggest States A-Z
Recently Updated
Leaping Animals
pecheneg
Reality TV Shows (A-Z)
bhenderson79
Rickey Henderson's Hall of Fame Teammates
pecheneg
Champions League XIs: Arsenal
pecheneg
Quick Pick: Celebrities in WWE's Hall of Fame
aduchscher
A-Z Keypad Blitz II
pecheneg
Multiple Oscar Actors
pecheneg
Mystery Phrase Blitz: Oscar 'Best Actors'
pecheneg
F. Scott Fitzgerald Novels
LTH
Pick 3 Villains
ddd62291
Trending Topics
Harry Potter
Disney
Anime
Marvel
Kpop
Crossword
NBA
NFL
Pokémon
Soccer
Song
The Office
Puzzle
WWE
Country
Your Account Isn't Verified!
In order to create a playlist on Sporcle, you need to verify the email address you used during registration. Go to your
Sporcle Settings
to finish the process.
Report this User
Report this user for behavior that violates our
Community Guidelines
.
Details:
Send Report
Go to the Sporcle.com Mobile Site →
Comments